[Event "ACP Blitz Prelim2 3rd"]
[Site "Playchess.com INT"]
[Date "2004.06.02"]
[Round "14"]
[White "Veroci, Zsuzsa"]
[Black "Charbonneau, Pascal"]
[Result "0-1"]
[WhiteElo "2315"]
[BlackElo "2485"]
[PlyCount "54"]
[GameId "1166646471503872"]
[EventDate "2004.06.01"]
[EventType "tourn (blitz)"]
[EventRounds "22"]
[EventCountry "GER"]
[EventCategory "10"]
[SourceTitle "CBM 100 Extra"]
[Source "ChessBase"]
[SourceDate "2004.07.06"]
[SourceVersion "2"]
[SourceVersionDate "2004.07.06"]
[SourceQuality "1"]

1. e4 c5 2. Nf3 e6 3. d4 cxd4 4. Nxd4 a6 5. Bd3 Nf6 6. O-O Qc7 7. Qe2 d6 8. c4 Nbd7 9. Nc3 b6 10. Bd2 Bb7 11. Rac1 Be7 12. b3 O-O 13. Kh1 Rac8 14. f4 Rfe8 15. Nf3 g6 16. f5 Bf8 17. fxe6 fxe6 18. Bf4 Nh5 19. Bd2 Bg7 20. Ng5 Ne5 21. Bb1 Qe7 22. Be3 Rf8 23. Rxf8+ Rxf8 24. Rf1 Rxf1+ 25. Qxf1 Bh6 26. Bxb6 Qxg5 27. Bc7 Ng3+ 0-1

[Event "ACP Blitz Prelim2 3rd"]
[Site "Playchess.com INT"]
[Date "2004.06.02"]
[Round "16"]
[White "Deviatkin, Andrei"]
[Black "Charbonneau, Pascal"]
[Result "1-0"]
[WhiteElo "2495"]
[BlackElo "2485"]
[PlyCount "81"]
[GameId "1166646471528448"]
[EventDate "2004.06.01"]
[EventType "tourn (blitz)"]
[EventRounds "22"]
[EventCountry "GER"]
[EventCategory "10"]
[SourceTitle "CBM 100 Extra"]
[Source "ChessBase"]
[SourceDate "2004.07.06"]
[SourceVersion "2"]
[SourceVersionDate "2004.07.06"]
[SourceQuality "1"]

1. e4 c5 2. c3 Nf6 3. e5 Nd5 4. d4 cxd4 5. Qxd4 e6 6. Nf3 Nc6 7. Qe4 f5 8. Qe2 Qc7 9. g3 d6 10. exd6 Bxd6 11. Bg2 O-O 12. O-O Nf6 13. Nd4 Nxd4 14. cxd4 Bd7 15. Nc3 a6 16. Bg5 Rae8 17. Rfd1 Bc6 18. Rac1 Bxg2 19. Kxg2 Qd7 20. Qf3 Bb4 21. Bxf6 Rxf6 22. a3 Bd6 23. Ne2 f4 24. g4 h5 25. g5 Rf5 26. h4 Qb5 27. Rc2 Rff8 28. Nc3 Qf5 29. Ne4 Bb8 30. Rc5 Qg4+ 31. Qxg4 hxg4 32. f3 g3 33. g6 Rd8 34. h5 Ba7 35. Rc7 Bxd4 36. Rxb7 e5 37. Rc1 Rc8 38. Rxc8 Rxc8 39. Kh3 Kf8 40. Rf7+ Ke8 41. Nd6+ 1-0

[Event "ACP Blitz Prelim2 3rd"]
[Site "Playchess.com INT"]
[Date "2004.06.02"]
[Round "17"]
[White "Charbonneau, Pascal"]
[Black "Gustafsson, Jan"]
[Result "1-0"]
[WhiteElo "2485"]
[BlackElo "2572"]
[PlyCount "127"]
[GameId "1166646471553024"]
[EventDate "2004.06.01"]
[EventType "tourn (blitz)"]
[EventRounds "22"]
[EventCountry "GER"]
[EventCategory "10"]
[SourceTitle "CBM 100 Extra"]
[Source "ChessBase"]
[SourceDate "2004.07.06"]
[SourceVersion "2"]
[SourceVersionDate "2004.07.06"]
[SourceQuality "1"]

1. e4 e5 2. Nc3 Nf6 3. Bc4 Nc6 4. d3 Na5 5. Nge2 Nxc4 6. dxc4 Bc5 7. O-O O-O 8. Qd3 d6 9. b3 a6 10. Be3 Bxe3 11. Qxe3 Be6 12. a4 Nd7 13. Ng3 Kh8 14. Rad1 Qe7 15. Rd3 Nc5 16. Rdd1 f5 17. exf5 Bxf5 18. Nd5 Qd7 19. Nxf5 Rxf5 20. Nc3 Qf7 21. f3 a5 22. Ne4 Ne6 23. c5 dxc5 24. Nxc5 Nxc5 25. Qxc5 e4 26. fxe4 Rxc5 27. Rxf7 Rxc2 28. Rdd7 Rg8 29. Rxc7 Rxc7 30. Rxc7 Rb8 31. Kf2 h6 32. Ke3 b5 33. Ra7 bxa4 34. bxa4 Rb2 35. Kf3 Rb3+ 36. Kf4 Rb2 37. g3 Rxh2 38. Rxa5 Kg8 39. Ra8+ Kf7 40. a5 Rf2+ 41. Ke5 Rg2 42. Kf4 Rf2+ 43. Ke3 Rg2 44. Kf3 Ra2 45. a6 Ra3+ 46. Kg4 Ra4 47. Kf4 g5+ 48. Kf5 Ra3 49. g4 Rf3+ 50. Ke5 Ra3 51. a7 Kg7 52. Kd4 Ra4+ 53. Kd3 Ra3+ 54. Kc2 Ra6 55. e5 h5 56. gxh5 g4 57. e6 Rxe6 58. Rb8 Ra6 59. a8=Q Rxa8 60. Rxa8 Kh6 61. Kd3 Kxh5 62. Ke3 Kh4 63. Kf2 g3+ 64. Kg2 1-0

[Event "ACP Blitz Prelim2 3rd"]
[Site "Playchess.com INT"]
[Date "2004.06.02"]
[Round "18"]
[White "Skripchenko, Almira"]
[Black "Charbonneau, Pascal"]
[Result "1-0"]
[WhiteElo "2456"]
[BlackElo "2485"]
[PlyCount "39"]
[GameId "1166646471577600"]
[EventDate "2004.06.01"]
[EventType "tourn (blitz)"]
[EventRounds "22"]
[EventCountry "GER"]
[EventCategory "10"]
[SourceTitle "CBM 100 Extra"]
[Source "ChessBase"]
[SourceDate "2004.07.06"]
[SourceVersion "2"]
[SourceVersionDate "2004.07.06"]
[SourceQuality "1"]

1. e4 c5 2. Nf3 Nc6 3. Bb5 g6 4. O-O Bg7 5. c3 Nf6 6. Qa4 O-O 7. Re1 Qc7 8. e5 Nd5 9. Bxc6 dxc6 10. Qh4 f6 11. d4 cxd4 12. cxd4 fxe5 13. Nxe5 c5 14. Bh6 Bxh6 15. Qxh6 Bf5 16. Nd2 cxd4 17. Ndf3 Qb6 18. Ng5 Nf6 19. Nd7 Rf7 20. Nxb6 1-0

[Event "ACP Blitz Prelim2 3rd"]
[Site "Playchess.com INT"]
[Date "2004.06.02"]
[Round "19"]
[White "Charbonneau, Pascal"]
[Black "Zarnicki, Pablo Adrian"]
[Result "1-0"]
[WhiteElo "2485"]
[BlackElo "2513"]
[PlyCount "119"]
[GameId "1166646471593984"]
[EventDate "2004.06.01"]
[EventType "tourn (blitz)"]
[EventRounds "22"]
[EventCountry "GER"]
[EventCategory "10"]
[SourceTitle "CBM 100 Extra"]
[Source "ChessBase"]
[SourceDate "2004.07.06"]
[SourceVersion "2"]
[SourceVersionDate "2004.07.06"]
[SourceQuality "1"]

1. e4 e5 2. Nc3 Nf6 3. Bc4 c6 4. d4 exd4 5. Qxd4 d6 6. Bg5 Be7 7. O-O-O O-O 8. Nf3 Nbd7 9. Kb1 b5 10. Bb3 a5 11. a4 b4 12. Ne2 Qb6 13. Qxb6 Nxb6 14. Ned4 Bd7 15. e5 Nfd5 16. Bxe7 Nxe7 17. exd6 Ng6 18. c4 bxc3 19. bxc3 Rfe8 20. Rhe1 Rad8 21. Ng5 Nd5 22. Kc2 h6 23. Ne4 Ngf4 24. Nc5 Nxg2 25. Rxe8+ Bxe8 26. Nxc6 Bxc6 27. Bxd5 Rxd6 28. Bxf7+ Kxf7 29. Rxd6 Be8 30. Ra6 Ne1+ 31. Kb3 Nf3 32. h3 h5 33. Rxa5 g5 34. Nd3 Bd7 35. Ne5+ Nxe5 36. Rxe5 Kf6 37. Re3 g4 38. hxg4 Bxg4 39. Re8 h4 40. Rh8 Kg5 41. a5 Be2 42. c4 Kg4 43. a6 h3 44. a7 Bf3 45. Kb4 Be4 46. c5 Kf3 47. Rxh3+ Kxf2 48. Rh8 Ke2 49. a8=Q Bxa8 50. Rxa8 Kd3 51. c6 Kd4 52. c7 Kd5 53. c8=Q Kd6 54. Ra7 Ke5 55. Rd7 Kf6 56. Qe8 Kg5 57. Rf7 Kh6 58. Qg8 Kh5 59. Rf1 Kh4 60. Rg1 1-0

[Event "ACP Blitz Prelim2 3rd"]
[Site "Playchess.com INT"]
[Date "2004.06.02"]
[Round "20"]
[White "Vaisser, Anatoli"]
[Black "Charbonneau, Pascal"]
[Result "1-0"]
[WhiteElo "2573"]
[BlackElo "2485"]
[PlyCount "55"]
[GameId "1166646471622656"]
[EventDate "2004.06.01"]
[EventType "tourn (blitz)"]
[EventRounds "22"]
[EventCountry "GER"]
[EventCategory "10"]
[SourceTitle "CBM 100 Extra"]
[Source "ChessBase"]
[SourceDate "2004.07.06"]
[SourceVersion "2"]
[SourceVersionDate "2004.07.06"]
[SourceQuality "1"]

1. d4 d5 2. c4 c6 3. Nc3 Nf6 4. cxd5 cxd5 5. Bf4 Nc6 6. e3 a6 7. Bd3 Bg4 8. Nge2 e6 9. Rc1 Bd6 10. Bg5 h6 11. Bh4 O-O 12. f3 Bh5 13. a3 Rc8 14. Qc2 g5 15. Bg3 Ne7 16. O-O Bg6 17. Qb1 Kg7 18. Be5 Bxe5 19. dxe5 Nd7 20. f4 Nf5 21. Bxf5 Bxf5 22. e4 dxe4 23. Ng3 Nc5 24. Rcd1 Qb6 25. Kh1 g4 26. h3 Nd3 27. Ncxe4 Nf2+ 28. Rxf2 1-0

[Event "ACP Blitz Prelim2 3rd"]
[Site "Playchess.com INT"]
[Date "2004.06.02"]
[Round "21"]
[White "Charbonneau, Pascal"]
[Black "Shomoev, Anton"]
[Result "0-1"]
[WhiteElo "2485"]
[BlackElo "2483"]
[PlyCount "38"]
[GameId "1166646471630848"]
[EventDate "2004.06.01"]
[EventType "tourn (blitz)"]
[EventRounds "22"]
[EventCountry "GER"]
[EventCategory "10"]
[SourceTitle "CBM 100 Extra"]
[Source "ChessBase"]
[SourceDate "2004.07.06"]
[SourceVersion "2"]
[SourceVersionDate "2004.07.06"]
[SourceQuality "1"]

1. e4 c5 2. Nf3 d6 3. d4 cxd4 4. Nxd4 Nf6 5. Nc3 a6 6. f3 e5 7. Nb3 Be6 8. Be3 Nbd7 9. Qd2 b5 10. g4 b4 11. Na4 d5 12. g5 d4 13. Bxd4 Nxe4 14. fxe4 exd4 15. Nxd4 Be7 16. Nxe6 fxe6 17. h4 Qa5 18. b3 Qe5 19. Rd1 Qxe4+ 0-1

[Event "World op 32nd"]
[Site "Philadelphia"]
[Date "2004.07.04"]
[Round "7"]
[White "De Firmian, Nick E"]
[Black "Charbonneau, Pascal"]
[Result "0-1"]
[WhiteElo "2537"]
[BlackElo "2472"]
[PlyCount "62"]
[GameId "1166646526451712"]
[EventDate "2004.07.01"]
[EventType "swiss"]
[EventRounds "9"]
[EventCountry "USA"]
[SourceTitle "CBM 101 Extra"]
[Source "ChessBase"]
[SourceDate "2004.09.01"]
[SourceVersion "2"]
[SourceVersionDate "2004.09.01"]
[SourceQuality "1"]

1. e4 c5 2. Nf3 e6 3. d4 cxd4 4. Nxd4 a6 5. Nc3 Qc7 6. Bd3 Nf6 7. O-O b5 8. Qe2 Bb7 9. Bd2 Nc6 10. Nxc6 Bxc6 11. e5 Nd5 12. Nxd5 Bxd5 13. a4 b4 14. c3 Qb7 15. f4 Bc5+ 16. Kh1 O-O 17. f5 exf5 18. Rxf5 g6 19. cxb4 Bxb4 20. Bxb4 Qxb4 21. Rg5 Rfe8 22. Bxa6 d6 23. Rd1 Bb3 24. Rxd6 Rxa6 25. Rxa6 Qf4 26. h3 Qxg5 27. Ra5 Qc1+ 28. Kh2 Qf4+ 29. g3 Qd4 30. Qg2 Kg7 31. Qc6 Qd2+ 0-1

[Event "BCF-chT 0405 (4NCL)"]
[Site "West Bromwich"]
[Date "2005.04.30"]
[Round "9.6"]
[White "Charbonneau, Pascal"]
[Black "Snape, Ian L"]
[Result "1-0"]
[WhiteElo "2495"]
[BlackElo "2265"]
[PlyCount "55"]
[GameId "1166646787112960"]
[EventDate "2004.09.18"]
[EventType "team"]
[EventRounds "11"]
[EventCountry "ENG"]
[SourceTitle "EXT 2006"]
[Source "ChessBase"]
[SourceDate "2005.11.24"]
[SourceVersion "1"]
[SourceVersionDate "2005.11.24"]
[SourceQuality "1"]
[WhiteTeam "Guildford II"]
[BlackTeam "The ADS"]
[WhiteTeamCountry "ENG"]
[BlackTeamCountry "ENG"]

1. e4 c5 2. Nf3 d6 3. Nc3 Nf6 4. d4 cxd4 5. Nxd4 g6 6. Be3 Bg7 7. f3 O-O 8. Qd2 Nc6 9. O-O-O d5 10. exd5 Nxd5 11. Nxc6 bxc6 12. Bd4 e5 13. Bc5 Be6 14. Ne4 Rb8 15. Bxf8 Qxf8 16. Qa5 f5 17. Nc5 e4 18. c3 Bxc3 19. bxc3 Qh6+ 20. Rd2 Rb1+ 21. Kxb1 Qxd2 22. Ba6 Nxc3+ 23. Ka1 Bf7 24. Nd7 Kg7 25. Qa3 c5 26. Qb2 Qd4 27. Nxc5 Qxc5 28. Rc1 1-0

[Event "BCF-chT 0405 (4NCL)"]
[Site "West Bromwich"]
[Date "2005.05.01"]
[Round "10.1"]
[White "Charbonneau, Pascal"]
[Black "Adams, Michael"]
[Result "1/2-1/2"]
[WhiteElo "2495"]
[BlackElo "2737"]
[PlyCount "54"]
[GameId "1166646787284992"]
[EventDate "2004.09.18"]
[EventType "team"]
[EventRounds "11"]
[EventCountry "ENG"]
[SourceTitle "EXT 2006"]
[Source "ChessBase"]
[SourceDate "2005.11.24"]
[SourceVersion "1"]
[SourceVersionDate "2005.11.24"]
[SourceQuality "1"]
[WhiteTeam "Guildford II"]
[BlackTeam "Wood Green"]
[WhiteTeamCountry "ENG"]
[BlackTeamCountry "ENG"]

1. e4 e5 2. Nf3 Nc6 3. d4 exd4 4. Nxd4 Bc5 5. Be3 Qf6 6. c3 Nge7 7. Bc4 Ne5 8. Be2 Qg6 9. O-O d6 10. f3 O-O 11. Nd2 d5 12. Kh1 dxe4 13. fxe4 Bg4 14. h3 Bxe2 15. Qxe2 Rae8 16. b4 Bb6 17. a4 c5 18. Nf5 cxb4 19. cxb4 N5c6 20. Bxb6 Nxf5 21. exf5 Rxe2 22. fxg6 axb6 23. gxf7+ Rxf7 24. Rxf7 Kxf7 25. Nc4 Nxb4 26. Nxb6 Ke6 27. Rd1 Rf2 1/2-1/2

[Event "BCF-chT 0405 (4NCL)"]
[Site "West Bromwich"]
[Date "2005.05.02"]
[Round "11.7"]
[White "Gormally, Daniel"]
[Black "Charbonneau, Pascal"]
[Result "1/2-1/2"]
[WhiteElo "2532"]
[BlackElo "2495"]
[PlyCount "48"]
[GameId "1166646787485696"]
[EventDate "2004.09.18"]
[EventType "team"]
[EventRounds "11"]
[EventCountry "ENG"]
[SourceTitle "EXT 2006"]
[Source "ChessBase"]
[SourceDate "2005.11.24"]
[SourceVersion "1"]
[SourceVersionDate "2005.11.24"]
[SourceQuality "1"]
[WhiteTeam "Wood Green"]
[BlackTeam "Guildford"]
[WhiteTeamCountry "ENG"]
[BlackTeamCountry "ENG"]

1. e4 e5 2. Nf3 Nf6 3. Nxe5 d6 4. Nf3 Nxe4 5. d4 d5 6. Bd3 Be7 7. O-O Nc6 8. c4 Nb4 9. Be2 Be6 10. Nc3 O-O 11. Qb3 dxc4 12. Bxc4 Bxc4 13. Qxc4 Nf6 14. Bg5 Nbd5 15. Rfe1 Re8 16. Bxf6 Nxf6 17. Ne5 Rf8 18. Re3 c6 19. Rae1 Bd6 20. Qd3 Qc7 21. Qf5 Qc8 22. Qg5 Qd8 23. Rg3 g6 24. h4 Kg7 1/2-1/2

[Event "FRA-chT2 0405"]
[Site "France"]
[Date "2005.03.12"]
[Round "8.2"]
[White "Charbonneau, Pascal"]
[Black "Lopez Gracia, Fernando"]
[Result "1-0"]
[WhiteElo "2498"]
[BlackElo "2342"]
[PlyCount "67"]
[GameId "1166646896857088"]
[EventDate "2004.10.10"]
[EventType "team"]
[EventRounds "11"]
[EventCountry "FRA"]
[SourceTitle "EXT 2006"]
[Source "ChessBase"]
[SourceDate "2005.11.24"]
[SourceVersion "1"]
[SourceVersionDate "2005.11.24"]
[SourceQuality "1"]
[WhiteTeam "Montpellier  II"]
[BlackTeam "Condom"]
[WhiteTeamCountry "FRA"]
[BlackTeamCountry "FRA"]

1. e4 c5 2. Nf3 d6 3. Bc4 g6 4. O-O Nc6 5. Re1 Bg7 6. c3 Nf6 7. Bb3 O-O 8. h3 b5 9. d4 Nd7 10. Be3 Bb7 11. Nbd2 a5 12. a4 b4 13. Rb1 Ba6 14. d5 bxc3 15. bxc3 Nce5 16. Nxe5 Nxe5 17. c4 Rb8 18. f4 Nd7 19. Nf3 Rb4 20. Bd2 Bxc4 21. Bxb4 Bxb3 22. Bxa5 Bxd1 23. Bxd8 Bxf3 24. Bxe7 Re8 25. gxf3 Rxe7 26. Rb7 Bd4+ 27. Kf1 Kf8 28. e5 Ke8 29. e6 fxe6 30. dxe6 Kd8 31. exd7 Rxd7 32. Rxd7+ Kxd7 33. a5 c4 34. Re4 1-0

[Event "FRA-chT2 0405"]
[Site "France"]
[Date "2005.03.13"]
[Round "9.1"]
[White "Charbonneau, Pascal"]
[Black "Drenchev, Petar"]
[Result "1-0"]
[WhiteElo "2498"]
[BlackElo "2397"]
[PlyCount "43"]
[GameId "1166646897278976"]
[EventDate "2004.10.10"]
[EventType "team"]
[EventRounds "11"]
[EventCountry "FRA"]
[SourceTitle "EXT 2006"]
[Source "ChessBase"]
[SourceDate "2005.11.24"]
[SourceVersion "1"]
[SourceVersionDate "2005.11.24"]
[SourceQuality "1"]
[WhiteTeam "Montpellier  II"]
[BlackTeam "Tournefeuille"]
[WhiteTeamCountry "FRA"]
[BlackTeamCountry "FRA"]

1. e4 c5 2. Nc3 Nc6 3. Nf3 g6 4. d4 cxd4 5. Nxd4 Bg7 6. Be3 Nf6 7. Bc4 O-O 8. Bb3 d6 9. f3 Bd7 10. Qd2 Na5 11. h4 Rc8 12. h5 Nxh5 13. g4 Nf6 14. Bh6 Bxh6 15. Qxh6 Rxc3 16. g5 Re3+ 17. Kf1 Nh5 18. Rxh5 gxh5 19. g6 hxg6 20. Qxg6+ Kh8 21. Qxh5+ Kg7 22. Qg5+ 1-0

[Event "Olympiad-36"]
[Site "Mallorca"]
[Date "2004.10.24"]
[Round "9"]
[White "Charbonneau, Pascal"]
[Black "Granda Zuniga, Julio E"]
[Result "0-1"]
[WhiteElo "2490"]
[BlackElo "2605"]
[PlyCount "84"]
[GameId "1166646924419072"]
[EventDate "2004.10.15"]
[EventType "team-swiss"]
[EventRounds "14"]
[EventCountry "ESP"]
[SourceTitle "CBM 104"]
[Source "ChessBase"]
[SourceDate "2005.01.27"]
[SourceVersion "1"]
[SourceVersionDate "2005.01.27"]
[SourceQuality "1"]
[WhiteTeam "Canada"]
[BlackTeam "Peru"]
[WhiteTeamCountry "CAN"]
[BlackTeamCountry "PER"]

1. e4 e5 2. Nf3 Nc6 3. Bb5 Nf6 4. O-O Nxe4 5. d4 Nd6 6. Bxc6 dxc6 7. dxe5 Nf5 8. Qxd8+ Kxd8 9. Nc3 h6 10. Rd1+ Ke8 11. h3 b6 12. b3 Bb7 13. Bb2 Rd8 14. Ne2 c5 15. Ne1 h5 16. Nf4 g5 17. Rxd8+ Kxd8 18. Rd1+ Kc8 19. Nd5 g4 20. c4 gxh3 21. g3 Bg7 22. Kh2 Re8 23. Nd3 Nd4 24. Bxd4 cxd4 25. N5f4 Bxe5 26. Re1 f6 27. Nxh5 Rh8 28. Ng7 Bf3 29. Nf5 Rh5 30. Ne7+ Kd7 31. Ng6 Bd6 32. Ngf4 Bxf4 33. Nxf4 Re5 34. Rc1 Re4 35. Rc2 Re1 36. g4 Rh1+ 37. Kg3 h2 38. Rd2 c5 39. Nh5 Ke7 40. Nf4 Kd6 41. Rd3 Bxg4 42. f3 Rf1 0-1

[Event "FRA-chT Top 16 GpA"]
[Site "Noyon"]
[Date "2005.03.31"]
[Round "4.2"]
[White "Nevednichy, Vladislav"]
[Black "Charbonneau, Pascal"]
[Result "1/2-1/2"]
[WhiteElo "2559"]
[BlackElo "2495"]
[PlyCount "97"]
[GameId "1202187416158208"]
[EventDate "2005.03.31"]
[EventType "team-tourn"]
[EventRounds "7"]
[EventCountry "FRA"]
[SourceTitle "CBM 105 Extra"]
[Source "ChessBase"]
[SourceDate "2005.05.01"]
[SourceVersion "1"]
[SourceVersionDate "2005.05.01"]
[SourceQuality "1"]
[WhiteTeam "Reims"]
[BlackTeam "Montpellier"]
[WhiteTeamCountry "FRA"]
[BlackTeamCountry "FRA"]

1. e4 e5 2. Bc4 Nf6 3. d3 c6 4. Nf3 d5 5. Bb3 Bd6 6. exd5 cxd5 7. O-O O-O 8. Bg5 d4 9. Nbd2 Nc6 10. Re1 h6 11. Bxf6 Qxf6 12. Ne4 Qe7 13. Bd5 Bc7 14. Ng3 Qc5 15. Bb3 Na5 16. Rc1 Nc6 17. c3 dxc3 18. bxc3 Qd6 19. d4 exd4 20. Nxd4 Nxd4 21. cxd4 Bb6 22. Re4 Bd7 23. Qh5 Rae8 24. Rxe8 Bxe8 25. Rd1 Bd7 26. Qf3 Bc6 27. Ne4 Qg6 28. d5 Bd7 29. h3 Bxh3 30. Qxh3 Qxe4 31. d6 Qf4 32. Qf3 Qxf3 33. gxf3 Rd8 34. d7 Bc7 35. Ba4 a6 36. Re1 b5 37. Re8+ Kh7 38. Bc2+ g6 39. Re7 Kg7 40. Bb3 Rf8 41. Kg2 h5 42. Bd5 a5 43. Bc6 b4 44. Ba4 g5 45. Bb3 Bd8 46. Re8 f5 47. Bc2 Bc7 48. Bb3 Bd8 49. Bc2 1/2-1/2

[Event "USA tt"]
[Site "ICC INT"]
[Date "2005.09.07"]
[Round "2"]
[White "Charbonneau, Pascal"]
[Black "Stripunsky, Alexander"]
[Result "1/2-1/2"]
[WhiteElo "2509"]
[BlackElo "2565"]
[PlyCount "111"]
[GameId "1166647840669696"]
[EventDate "2005.10.05"]
[EventType "team"]
[EventRounds "10"]
[EventCountry "USA"]
[SourceTitle "CBM 108 Extra"]
[Source "ChessBase"]
[SourceDate "2005.11.04"]
[SourceVersion "1"]
[SourceVersionDate "2005.11.04"]
[SourceQuality "1"]

1. e4 c5 2. Nf3 e6 3. d4 cxd4 4. Nxd4 a6 5. Nc3 Qc7 6. Bd3 Bd6 7. Nf3 Nc6 8. O-O Nge7 9. Be3 Rb8 10. Qd2 Ng6 11. Rfd1 Be7 12. Be2 d6 13. Bg5 f6 14. Be3 O-O 15. a4 Kh8 16. Nd4 Bd7 17. Nb3 Nce5 18. a5 Rbc8 19. Bb6 Qb8 20. Nd4 Nc4 21. Bxc4 Rxc4 22. b3 Rcc8 23. Nce2 Nh4 24. c4 e5 25. g3 exd4 26. gxh4 f5 27. exf5 Rxf5 28. Ng3 Rf7 29. h5 h6 30. Bxd4 Kg8 31. Re1 Rcf8 32. Qd3 Qc8 33. Qg6 Bf6 34. Rad1 Bxd4 35. Rxd4 Rf6 36. Qc2 Bc6 37. f4 Qh3 38. b4 Kh8 39. Qd2 Re6 40. Rxe6 Qxe6 41. Rxd6 Qxc4 42. Rd8 Rxd8 43. Qxd8+ Kh7 44. Qd2 Qb3 45. Kf2 Qf3+ 46. Ke1 Bb5 47. Qd4 Qb3 48. Qd2 Bc6 49. Kf2 Qf3+ 50. Kg1 Bd5 51. Qe2 Qc3 52. Qe5 Qd2 53. Qf5+ Kh8 54. Qf8+ Kh7 55. Qf5+ Kh8 56. Qf8+ 1/2-1/2

[Event "USA tt"]
[Site "ICC INT"]
[Date "2005.09.14"]
[Round "3"]
[White "Rogers, Norman"]
[Black "Charbonneau, Pascal"]
[Result "0-1"]
[WhiteElo "2264"]
[BlackElo "2509"]
[PlyCount "76"]
[GameId "1166647840780288"]
[EventDate "2005.10.05"]
[EventType "team"]
[EventRounds "10"]
[EventCountry "USA"]
[SourceTitle "CBM 108 Extra"]
[Source "ChessBase"]
[SourceDate "2005.11.04"]
[SourceVersion "1"]
[SourceVersionDate "2005.11.04"]
[SourceQuality "1"]

1. e4 c5 2. Nf3 d6 3. d4 cxd4 4. Nxd4 Nf6 5. Nc3 g6 6. Be3 Bg7 7. f3 Nc6 8. Qd2 O-O 9. O-O-O d5 10. exd5 Nxd5 11. Nxc6 bxc6 12. Bd4 e5 13. Bc5 Be6 14. Bc4 Rb8 15. h4 e4 16. Bxd5 cxd5 17. Bd4 exf3 18. gxf3 Bxd4 19. Qxd4 h5 20. Rhg1 Qe7 21. Qe5 Qb4 22. Nxd5 Bxd5 23. Rxd5 Rfe8 24. Qf6 Rb6 25. Qd4 Re1+ 26. Rxe1 Qxe1+ 27. Qd1 Qxh4 28. b3 Re6 29. Kb2 Qf6+ 30. c3 Re3 31. Rd3 Rxd3 32. Qxd3 h4 33. Qd7 Kg7 34. Qxa7 h3 35. Qf2 Qf4 36. b4 h2 37. Qe1 Qg5 38. a4 Qg2+ 0-1

[Event "USA tt"]
[Site "ICC INT"]
[Date "2005.09.28"]
[Round "5"]
[White "Charbonneau, Pascal"]
[Black "Ramirez Alvarez, Alejandro"]
[Result "1-0"]
[WhiteElo "2509"]
[BlackElo "2483"]
[PlyCount "91"]
[GameId "1166647840870400"]
[EventDate "2005.10.05"]
[EventType "team"]
[EventRounds "10"]
[EventCountry "USA"]
[SourceTitle "CBM 108 Extra"]
[Source "ChessBase"]
[SourceDate "2005.11.04"]
[SourceVersion "1"]
[SourceVersionDate "2005.11.04"]
[SourceQuality "1"]

1. e4 c5 2. Nf3 Nc6 3. d4 cxd4 4. Nxd4 Nf6 5. Nc3 e5 6. Ndb5 d6 7. Bg5 a6 8. Na3 b5 9. Nd5 Be7 10. Bxf6 Bxf6 11. c3 O-O 12. Nc2 Bg5 13. a4 bxa4 14. Rxa4 a5 15. Bc4 Rb8 16. Ra2 Kh8 17. Nce3 Be6 18. O-O g6 19. Qa4 Qc8 20. b3 f5 21. exf5 gxf5 22. f4 Bd8 23. Kh1 e4 24. Bb5 Ne7 25. Qd4+ Kg8 26. Bc4 Nxd5 27. Nxd5 Rb7 28. Ba6 Qb8 29. Bxb7 Qxb7 30. c4 Qxb3 31. Rb2 Qd3 32. Qxd3 exd3 33. Rd1 Re8 34. Kg1 Bxd5 35. cxd5 Bf6 36. Ra2 Re4 37. g3 Bd4+ 38. Kf1 Re3 39. Re1 Re4 40. Rxe4 fxe4 41. Ra4 Bc3 42. Rxe4 Kf7 43. Kf2 Bb4 44. Ke3 d2 45. Ke2 Bc3 46. Rc4 1-0

[Event "USA tt"]
[Site "ICC INT"]
[Date "2005.10.05"]
[Round "6"]
[White "McCambridge, Vincent"]
[Black "Charbonneau, Pascal"]
[Result "0-1"]
[WhiteElo "2459"]
[BlackElo "2500"]
[PlyCount "102"]
[GameId "1166647840960512"]
[EventDate "2005.10.05"]
[EventType "team"]
[EventRounds "10"]
[EventCountry "USA"]
[SourceTitle "CBM 108 Extra"]
[Source "ChessBase"]
[SourceDate "2005.11.04"]
[SourceVersion "1"]
[SourceVersionDate "2005.11.04"]
[SourceQuality "1"]

1. d4 d5 2. Nf3 Nf6 3. c4 dxc4 4. e3 e6 5. Bxc4 c5 6. O-O a6 7. a4 Nc6 8. Nc3 Qc7 9. d5 Na5 10. Ba2 e5 11. e4 h6 12. h3 Bd6 13. Be3 Qe7 14. Qc2 Bd7 15. Rae1 g5 16. Ne2 b5 17. Ng3 c4 18. Nd4 exd4 19. Bxd4 Be5 20. Nf5 Bxf5 21. exf5 Bxd4 22. Rxe7+ Kxe7 23. Qd2 Bb6 24. Qc3 Bd8 25. axb5 Kf8 26. b6 Nb7 27. Qxc4 Kg7 28. Qc6 Rb8 29. b4 Be7 30. Rb1 Nd6 31. Re1 Rhc8 32. Rxe7 Rxc6 33. dxc6 Rxb6 34. c7 Rc6 35. Be6 Kf8 36. c8=Q+ Rxc8 37. Rxf7+ Nxf7 38. Bxc8 Nd5 39. Bxa6 Nxb4 40. Be2 Nd6 41. g4 Nd5 42. Kh2 Kg7 43. Bf3 Nf4 44. Kg3 Kf6 45. h4 Ke5 46. hxg5 hxg5 47. Kh2 Ne8 48. Kg3 Nf6 49. Kh2 Nd3 50. Kg3 Nc5 51. Kg2 Kf4 0-1

[Event "USA tt"]
[Site "ICC INT"]
[Date "2005.10.12"]
[Round "7"]
[White "Charbonneau, Pascal"]
[Black "Rogers, Norman"]
[Result "0-1"]
[WhiteElo "2500"]
[BlackElo "2299"]
[PlyCount "60"]
[GameId "1166647841009664"]
[EventDate "2005.10.05"]
[EventType "team"]
[EventRounds "10"]
[EventCountry "USA"]
[SourceTitle "CBM 108 Extra"]
[Source "ChessBase"]
[SourceDate "2005.11.04"]
[SourceVersion "1"]
[SourceVersionDate "2005.11.04"]
[SourceQuality "1"]

1. e4 c6 2. d4 d5 3. e5 g6 4. f4 h5 5. Nf3 Nh6 6. Be2 Na6 7. O-O Nc7 8. b3 Bg4 9. Be3 Nf5 10. Bf2 Ne6 11. g3 Qd7 12. h4 Bh6 13. Qd2 f6 14. c3 O-O-O 15. Na3 g5 16. fxg5 fxg5 17. hxg5 Bxf3 18. gxh6 Be4 19. Bd3 Rdg8 20. Bxe4 dxe4 21. Be1 Nxg3 22. Bxg3 Rxg3+ 23. Kh2 Rh3+ 24. Kxh3 Nf4+ 25. Kg3 Qg4+ 26. Kf2 Qf3+ 27. Ke1 Nd3+ 28. Qxd3 Qxd3 29. Rc1 e3 30. Nb1 Rxh6 0-1